Rapid City Regional Airport (Rapid City, SD, USA) - Statistics

General Stats
  • This quiz has been taken 50 times
    18 since last reset
  • The average score is 9 of 10
Answer Stats
Airline Destination % Correct
Delta Air Lines Atlanta
100%
American Eagle/United Airlines/United Express Chicago (O'Hare)
100%
American Airlines/American Eagle Charlotte
92%
American Eagle Dallas/Fort Worth
92%
United Airlines/United Express Denver
83%
Delta Connection/Sun Country Airlines Minneapolis/St. Paul
83%
Allegiant Air Las Vegas
75%
Allegiant Air Orlando/Sanford
75%
Allegiant Air Phoenix/Mesa
75%
American Eagle Phoenix (Sky Harbor)
75%
No matching quizzes found
Score Distribution
Percent of People with Each Score
Percentile by Number Answered
Your Score History
You have not taken this quiz since the last reset